|
|
|
|
| LEADER |
00000nab a2200000 a 4500 |
| 001 |
vtls010658277 |
| 003 |
SK-MaSNL |
| 005 |
20260304195318.0 |
| 008 |
150303 2014 xo 100 b slo |
| 015 |
|
|
|a SNBRA 2012/09
|2 svkbbbg
|
| 038 |
|
|
|a SVKBBBG
|
| 040 |
|
|
|a SVKBBBG
|b slo
|c SVKBBBG
|e AACR2
|
| 041 |
0 |
|
|a slo
|
| 044 |
|
|
|a xo
|c SK
|
| 072 |
|
7 |
|a 364
|x Sociálne problémy vyžadujúce podporu a pomoc. Sociálne zabezpečenie
|2 konspekt
|
| 072 |
|
7 |
|a 364-1/-7
|x Druhy sociálnej pomoci a služieb
|2 konspekt
|
| 080 |
|
|
|a 364.692
|2 2001
|
| 080 |
|
|
|a 364-212
|2 2001
|
| 100 |
1 |
|
|a Kamarášová, Lucia
|4 aut
|9 323981
|
| 245 |
1 |
0 |
|a Aktuálne problémy pri realizácii prevencie sociálno-patologických javov
|c Lucia Kamarášová
|
| 504 |
|
|
|a Bibliogr. odkazy
|
| 650 |
0 |
7 |
|a patologické závislosti
|2 SNKPH
|9 67667
|
| 650 |
0 |
7 |
|a sociálno-patologické javy
|2 SVKBBPH
|9 319387
|
| 650 |
0 |
7 |
|a sociálna prevencia
|2 SNKPH
|9 1556
|
| 773 |
0 |
|
|t Socialia 2014. Aktuálne problémy prevencie sociálnopatologických javov a jej profesionalizácie : zborník príspevkov z medzinárodnej vedeckej konferencie ...
|d Banská Bystrica : Belianum, 2014
|g S.420-424
|z 9788055708089
|
| 852 |
|
|
|a SVKBB
|b KIS3GCP
|
| 958 |
|
|
|a NB
|
| 999 |
|
|
|c 3080902
|d 3082832
|